[Event "18th Izmir Open 2019"]
[Site "Izmir"]
[Date "2019.09.05"]
[Round "6.2"]
[White "Soysal, Serkan"]
[Black "Annaberdiyev, Babageldi"]
[Result "1/2-1/2"]
[WhiteElo "2401"]
[BlackElo "2205"]
[Annotator "TA"]
[PlyCount "94"]
[EventDate "2019.09.02"]
[EventType "swiss"]
[EventCountry "TUR"]
[SourceTitle "playchess.com"]
[Source "ChessBase"]
[SourceQuality "1"]

{[%evp 19,94,18,34,22,25,20,15,24,27,24,21,14,26,16,23,33,33,13,12,12,34,30,64,69,70,65,67,46,63,70,69,7,23,31,24,33,72,81,93,75,272,292,94,102,142,137,127,115,106,68,63,77,178,101,97,98,99,104,106,88,130,130,130,-8,-8,-12,90,0,0,0,0,-129,-124,-112,0,-124,-124]} 1. Nf3 Nf6 2. g3 g6 3. Bg2 Bg7 4. O-O O-O 5. d4 c6 6. Nbd2 d5 7. b3 Ne4 8. Bb2 Nxd2 9. Qxd2 Bf5 10. c4 Be4 11. Rfc1 {D78: Fianchetto Grünfeld: 6 0-0 c6} Nd7 12. cxd5 $146 ({Predecessor:} 12. e3 e6 13. Qe2 Re8 14. Rd1 Qe7 15. Rac1 a5 16. Bc3 a4 17. b4 dxc4 18. Qxc4 {½-½ (80) Rakhmanov,A (2627)-Zubov,A (2611) Ankara 2018}) 12... Bxd5 13. Qc2 {The position is equal.} Nf6 14. Ne5 Bxg2 15. Kxg2 Qd5+ 16. f3 Rfd8 17. e4 Qe6 18. Rd1 Ne8 19. Nc4 f5 20. Re1 fxe4 21. Rxe4 Qf5 22. Qe2 Bf6 23. Re1 Nc7 24. h4 Nd5 25. g4 (25. Ne5 $14) 25... Qd7 26. g5 Bg7 27. Ne3 $36 {[%mdl 2048] White is pushing.} Nc7 28. h5 gxh5 29. f4 Qe8 $2 {[#]} (29... e6 $16) 30. Nf5 $1 $18 Nd5 31. Qf3 {[%cal Re4e7]} Rd7 32. Nxg7 Kxg7 33. f5 {aiming for f6+!} Qf7 34. Rh1 Rf8 35. Re5 Rg8 {[#]} (35... Kh8 $16 {is a better defense.}) 36. Kf2 ({Better is} 36. Bc1 $1 $18) 36... Kf8 $16 37. Rxh5 ({Much worse is} 37. Qxh5 $6 Qxh5 38. Rxh5 Nf4 $11) 37... Ke8 38. Bc1 Kd8 39. Rh6 Rd6 40. Rxd6+ exd6 41. Re4 (41. Re6 $16) 41... Rf8 $1 $11 42. f6 Re8 (42... h6 $11 43. gxh6 Nxf6) 43. Ba3 (43. Rxe8+ $16 Kxe8 44. Qf5) 43... Rg8 44. Qg3 Qd7 {And now ...Qf5+ would win.} 45. Bxd6 (45. Qf3 $1 $11) 45... Qf5+ $17 {[%mdl 64] Double Attack} 46. Qf3 Rxg5 (46... Qxg5 $17 {Hoping for ...Qg1+.} 47. Re1 Qh4+ 48. Bg3 Qxd4+ 49. Kf1 Qxf6 50. Qxf6+ Nxf6) 47. Be7+ (47. Bf4 $1 $11 {remains equal.} Nxf4 48. Qxf4 Qxf4+ 49. Rxf4) 47... Kd7 {Accuracy: White = 53%, Black = 43%.} 1/2-1/2

[Event "18th Izmir Open 2019"]
[Site "Izmir"]
[Date "2019.09.05"]
[Round "6.3"]
[White "Guseynov, Alihan"]
[Black "Salman, Ilhan Serhat"]
[Result "1-0"]
[WhiteElo "2326"]
[BlackElo "2037"]
[Annotator "TA"]
[PlyCount "63"]
[EventDate "2019.09.02"]
[EventType "swiss"]
[EventCountry "TUR"]
[SourceTitle "playchess.com"]
[Source "ChessBase"]
[SourceQuality "1"]

{[%evp 13,63,4,1,4,6,4,32,19,52,52,41,46,68,69,85,65,99,86,104,108,165,93,159,84,86,84,121,105,109,56,181,89,252,233,243,254,241,241,374,350,730,754,760,743,766,766,717,673,6221,5895,5214,2058]} 1. d4 c6 2. c4 d5 3. Nc3 Nf6 4. e3 g6 5. Nf3 Bg7 6. Bd2 O-O 7. Rc1 Ne4 8. Be2 {D94: Grünfeld: 4 Nf3 Bg7 5 e3} (8. Bd3 Nxd2 9. Qxd2 dxc4 10. Bxc4 Bg4 11. Be2 Nd7 12. h3 Bxf3 13. Bxf3 e6 14. O-O Qe7 15. b4 Rad8 {½-½ (40) Ibragimov,I (2586)-Christiansen,L (2588) Saint Louis 2009}) 8... e6 9. O-O f5 $146 ({Predecessor:} 9... Nd7 10. cxd5 Nxd2 11. Qxd2 exd5 12. b4 Nf6 13. Qc2 Bf5 14. Bd3 Bxd3 15. Qxd3 {1-0 (58) Sarosi,Z (2225)-Arnold,F (2335) Hungary 1989}) 10. Nxe4 {White is slightly better.} fxe4 11. Ne5 Nd7 12. Bb4 Re8 13. f4 exf3 14. Nxf3 Bh6 15. Bd2 Nf6 16. Ne5 Qe7 (16... Bg7 $16) 17. Bd3 (17. e4 $1 $18 Bxd2 18. Qxd2) 17... Bg7 (17... Nd7 $142) 18. Be1 (18. Qf3 $142) 18... Nd7 $16 19. Nf3 $1 $36 {[%mdl 2048] White is on the roll.} ({Much worse is} 19. Rf7 $6 Qg5 $11) 19... Bf6 20. Kh1 Kh8 21. Bg3 ({White should play} 21. e4 $16) 21... c5 {[#]} (21... e5 $14) 22. e4 (22. Qb3 $1 $18) 22... dxc4 $2 (22... dxe4 $16 23. Bxe4 cxd4) 23. Bxc4 $18 cxd4 {[#]} 24. e5 $1 {[%cal Re5f6]} ({Don't play} 24. Nxd4 $6 Ne5 $16) 24... Bg7 25. Qxd4 a6 (25... Rf8 {is a better defense.} 26. Bb5 a6) 26. Bb3 Nb8 $2 (26... Qd8 27. Rfd1 Rb8) 27. Bh4 {White is clearly winning.} Qd7 28. Qe4 Nc6 29. Bf6 Rf8 30. Ng5 Qd4 31. Qxd4 Nxd4 32. Rc7 {Accuracy: White = 57%, Black = 21%.} 1-0

[Event "18th Izmir Open 2019"]
[Site "Izmir"]
[Date "2019.09.05"]
[Round "6.4"]
[White "Bicer, Atakan Mert"]
[Black "Yilmazyerli, Mert"]
[Result "0-1"]
[WhiteElo "2035"]
[BlackElo "2417"]
[Annotator "NA RC"]
[PlyCount "84"]
[EventDate "2019.09.02"]
[EventType "swiss"]
[EventCountry "TUR"]
[SourceTitle "playchess.com"]
[Source "ChessBase"]
[SourceQuality "1"]
[TimeControl "5400+30"]

1. c4 {[%emt 0:00:30]} b6 {[%emt 0:11:30]} 2. Nc3 {[%emt 0:00:00]} Bb7 {[%emt 0:05:30]} 3. e4 {[%emt 0:00:00]} e5 {[%emt 0:00:30]} 4. Nf3 {[%emt 0:00:30]} Nc6 {[%emt 0:00:30]} 5. d4 {[%emt 0:01:30]} exd4 {[%emt 0:00:30]} 6. Nxd4 {[%emt 0:00:00]} Bb4 {[%emt 0:02:30]} 7. Be3 {[%emt 0:02:00]} Nf6 {[%emt 0:01:30]} 8. f3 {[%emt 0:00:30]} O-O {[%emt 0:28:30]} 9. Be2 $11 {[%emt 1:01:30]} Bxc3+ {[%emt 0:00:30]} 10. bxc3 {[%emt 0:00:30]} d6 {[%emt 0:00:30]} 11. O-O {[%emt 0:00:30]} Nd7 {[%emt 0:00:30]} 12. Qe1 {[%emt 0:00:30]} Re8 {[%emt 0:00:30]} 13. Qg3 {[%emt 0:00:30]} Qf6 {[%emt 0:00:30]} 14. Rae1 {[%emt 0:00:30]} Nc5 {[%emt 0:00:30]} 15. h4 {[%emt 0:00:30]} Ne6 {[%emt 0:00:30]} 16. Rd1 {[%emt 0:00:30]} Qe5 {[%emt 0:01:30]} 17. f4 {[%emt 0:00:30]} Nexd4 {[%emt 0:00:00]} 18. Rxd4 {[%emt 0:00:00]} Qe7 {[%emt 0:02:00]} 19. Rd5 {[%emt 0:02:00]} Qxe4 {[%emt 0:07:30]} 20. Rf3 {[%emt 0:00:30]} Ne7 {[%emt 0:08:30]} 21. Bd3 {[%emt 0:03:30]} Bxd5 {[%emt 0:02:30]} 22. Bxe4 {[%emt 0:01:30]} Bxe4 {[%emt 0:00:00]} 23. f5 {[%emt 0:08:24]} Bxf3 {[%emt 0:02:00]} 24. Qxf3 {[%emt 0:00:13]} Nxf5 {[%emt 0:01:30]} 25. Bf2 {[%emt 0:01:46]} Ne7 {[%emt 0:00:00]} 26. h5 {[%emt 0:00:04]} h6 {[%emt 0:01:00]} 27. g4 {[%emt 0:01:16]} Rad8 {[%emt 0:03:47]} 28. Qb7 {[%emt 0:03:24]} Rd7 {[%emt 0:00:34]} 29. Qg2 {[%emt 0:04:18]} f6 {[%emt 0:01:41]} 30. g5 {[%emt 0:03:15]} fxg5 {[%emt 0:01:50]} 31. Qg4 {[%emt 0:00:25]} Rdd8 {[%emt 0:00:05]} 32. Qe6+ {[%emt 0:00:08]} Kh7 {[%emt 0:06:26]} 33. Qe4+ {[%emt 0:03:25]} Kh8 {[%emt 0:00:09]} 34. Qb7 {[%emt 0:00:34]} Rd7 {[%emt 0:02:22]} 35. Qe4 {[%emt 0:00:26]} Red8 {[%emt 0:00:39]} 36. Qe6 {[%emt 0:00:32]} Ng8 {[%emt 0:01:00]} 37. Qf5 {[%emt 0:00:50]} Re7 {[%emt 0:01:00]} 38. Bd4 {[%emt 0:00:48]} c5 {[%emt 0:00:31]} 39. Bf2 {[%emt 0:00:15]} Nf6 {[%emt 0:00:31]} 40. Qg6 {[%emt 0:00:46]} Ne4 {[%emt 0:00:44]} 41. Be3 {[%emt 0:00:34]} Rf8 {[%emt 0:00:16]} 42. Bxg5 {[%emt 0:00:16]} Nxg5 {[%emt 0:00:11]} 0-1

[Event "18th Izmir Open 2019"]
[Site "Izmir"]
[Date "2019.09.05"]
[Round "6.5"]
[White "Isik, Alparslan"]
[Black "Taspinar, Yanki"]
[Result "1-0"]
[WhiteElo "2200"]
[BlackElo "1970"]
[Annotator "NA"]
[PlyCount "73"]
[EventDate "2019.09.02"]
[EventType "swiss"]
[EventCountry "TUR"]
[SourceTitle "playchess.com"]
[Source "ChessBase"]
[SourceQuality "1"]
[TimeControl "5400+30"]

1. d4 {[%emt 0:00:30]} d5 {[%emt 0:00:30]} 2. c4 {[%emt 0:00:00]} e6 {[%emt 0:00:00]} 3. Nf3 {[%emt 0:00:00]} c6 {[%emt 0:00:00]} 4. e3 {[%emt 0:00:30]} Nf6 {[%emt 0:00:30]} 5. b3 {[%emt 0:00:30]} Nbd7 {[%emt 0:00:30]} 6. Bb2 {[%emt 0:00:30]} Bd6 {[%emt 0:00:30]} 7. Bd3 {[%emt 0:00:30]} O-O {[%emt 0:00:30]} 8. O-O {[%emt 0:00:30]} b6 {[%emt 0:00:30]} 9. Nbd2 {[%emt 0:00:30]} Bb7 {[%emt 0:00:30]} 10. Ne5 {[%emt 0:00:30]} c5 {[%emt 0:01:30]} 11. cxd5 {[%emt 0:07:30]} exd5 {[%emt 0:01:30]} 12. f4 {[%emt 0:00:30]} Ne4 {[%emt 0:09:30]} (12... cxd4 $11 {keeps the balance.} 13. exd4 Ne4) 13. Nxe4 {[%emt 0:00:30]} dxe4 {[%emt 0:00:30]} 14. Bc4 {[%emt 0:00:30]} Nf6 $16 {[%emt 0:02:30]} 15. Ng4 {[%emt 0:05:30]} Be7 {[%emt 0:13:30]} 16. Ne5 {[%emt 0:08:30]} Bd5 {[%emt 0:20:30]} 17. Bb5 {[%emt 0:04:30]} a6 {[%emt 0:07:30]} 18. Nc6 {[%emt 0:02:30]} Qd7 {[%emt 0:13:30]} 19. Nxe7+ {[%emt 0:02:30]} Qxe7 {[%emt 0:00:30]} 20. Be2 {[%emt 0:00:30]} Bb7 {[%emt 0:00:30]} 21. dxc5 {[%emt 0:12:30]} Qxc5 {[%emt 0:03:30]} 22. Qd4 {[%emt 0:10:30]} Qxd4 {[%emt 0:02:30]} 23. Bxd4 {[%emt 0:01:30]} Nd5 {[%emt 0:00:30]} 24. a4 {[%emt 0:04:30]} Rfd8 {[%emt 0:01:06]} 25. Rac1 {[%emt 0:01:30]} Rd6 {[%emt 0:01:45]} 26. g3 {[%emt 0:02:30]} Rad8 {[%emt 0:00:49]} 27. Rfd1 {[%emt 0:01:30]} f6 {[%emt 0:04:51]} 28. Kf2 {[%emt 0:02:30]} a5 {[%emt 0:04:23]} 29. Bc4 {[%emt 0:07:30]} R8d7 {[%emt 0:04:31]} 30. Bb5 {[%emt 0:01:30]} Rd8 {[%emt 0:00:10]} 31. Ke2 {[%emt 0:00:30]} Kf7 {[%emt 0:00:19]} 32. Rc2 {[%emt 0:00:30]} Ke6 {[%emt 0:01:25]} 33. Rcd2 {[%emt 0:01:30]} Nc7 {[%emt 0:04:53]} 34. Bxb6 {[%emt 0:07:32]} Nxb5 {[%emt 0:00:10]} 35. Bxd8 {[%emt 0:00:19]} Nc3+ {[%emt 0:00:08]} 36. Ke1 {[%emt 0:00:02]} Nxd1 {[%emt 0:00:43]} 37. Kxd1 {[%emt 0:00:00]} 1-0

[Event "18th Izmir Open 2019"]
[Site "Izmir"]
[Date "2019.09.05"]
[Round "6.6"]
[White "Yilmaz, Turhan"]
[Black "Ozbek, Busra"]
[Result "1/2-1/2"]
[WhiteElo "2180"]
[BlackElo "1928"]
[Annotator "ChessBase"]
[PlyCount "162"]
[EventDate "2019.09.02"]
[EventType "swiss"]
[EventCountry "TUR"]
[SourceTitle "playchess.com"]
[Source "ChessBase"]
[SourceQuality "1"]
[TimeControl "5400+30"]

1. e4 {[%emt 0:12:30]} g6 {[%emt 0:00:30]} 2. d4 {[%emt 0:01:30]} Bg7 {[%emt 0:00:00]} 3. Nc3 {[%emt 0:00:30]} d6 {[%emt 0:00:00]} 4. Be3 {[%emt 0:00:00]} c6 {[%emt 0:00:30]} 5. Qd2 {[%emt 0:00:00]} b5 {[%emt 0:00:30]} 6. f3 {[%emt 0:00:30]} Nd7 {[%emt 0:06:30]} 7. g4 {[%emt 0:00:30]} Qc7 {[%emt 0:02:30]} 8. Nce2 {[%emt 0:04:30]} Nb6 {[%emt 0:19:30]} 9. b3 {[%emt 0:05:30]} h5 {[%emt 0:09:30]} 10. g5 {[%emt 0:00:30]} Bb7 {[%emt 0:14:30]} 11. Nh3 {[%emt 0:02:30]} e5 {[%emt 0:00:30]} 12. f4 {[%emt 0:01:30]} Ne7 {[%emt 0:10:30]} 13. Bg2 {[%emt 0:06:30]} Rd8 {[%emt 0:02:30]} 14. Qa5 {[%emt 0:10:30]} Nbd5 {[%emt 0:09:30]} 15. Qxc7 {[%emt 0:00:30]} Nxc7 {[%emt 0:00:30]} 16. a4 {[%emt 0:01:30]} a6 {[%emt 0:01:24]} 17. c4 {[%emt 0:05:30]} exf4 {[%emt 0:05:49]} 18. Nhxf4 {[%emt 0:02:30]} bxc4 {[%emt 0:00:08]} 19. bxc4 {[%emt 0:00:00]} c5 {[%emt 0:01:20]} 20. Rb1 {[%emt 0:01:00]} Bc6 {[%emt 0:01:28]} 21. d5 {[%emt 0:00:30]} Bxa4 {[%emt 0:00:24]} 22. Rb7 {[%emt 0:00:00]} Rc8 {[%emt 0:00:39]} 23. O-O {[%emt 0:01:00]} Bd7 {[%emt 0:01:53]} 24. Rfb1 {[%emt 0:01:30]} a5 {[%emt 0:02:08]} 25. Ra7 {[%emt 0:01:30]} a4 {[%emt 0:02:35]} 26. Rbb7 {[%emt 0:03:30]} Be5 {[%emt 0:02:18]} 27. Rxc7 {[%emt 0:01:30]} Rxc7 {[%emt 0:00:01]} 28. Rxc7 {[%emt 0:00:00]} Nc8 {[%emt 0:00:02]} 29. Nd3 {[%emt 0:01:00]} a3 {[%emt 0:01:10]} 30. Nec1 {[%emt 0:00:30]} Bc3 {[%emt 0:00:48]} 31. Rb7 {[%emt 0:00:30]} Ba4 {[%emt 0:01:05]} 32. e5 {[%emt 0:03:30]} Bc2 {[%emt 0:01:06]} 33. Na2 {[%emt 0:00:30]} Ba1 {[%emt 0:03:17]} 34. exd6 {[%emt 0:01:30]} Nxd6 {[%emt 0:00:43]} 35. Rb8+ {[%emt 0:00:30]} Ke7 {[%emt 0:00:02]} 36. Rxh8 {[%emt 0:01:30]} Bxh8 {[%emt 0:00:03]} 37. Ndc1 {[%emt 0:00:30]} Nxc4 {[%emt 0:01:09]} 38. Bxc5+ {[%emt 0:00:00]} Kd7 {[%emt 0:00:04]} 39. Bf1 {[%emt 0:01:00]} Nd2 {[%emt 0:00:26]} 40. Bb5+ {[%emt 0:00:00]} Kd8 {[%emt 0:00:44]} 41. d6 {[%emt 0:01:00]} Bd4+ {[%emt 0:01:02]} 42. Bxd4 {[%emt 0:00:30]} Nf3+ {[%emt 0:00:02]} 43. Kf2 {[%emt 0:00:30]} Nxd4 {[%emt 0:00:02]} 44. Bc4 {[%emt 0:00:30]} Ne6 {[%emt 0:01:21]} 45. Nb4 {[%emt 0:01:30]} Bf5 {[%emt 0:00:36]} 46. Bb5 {[%emt 0:00:30]} Nxg5 {[%emt 0:00:23]} 47. Ke3 {[%emt 0:00:30]} Ne4 {[%emt 0:00:24]} 48. Nc6+ {[%emt 0:02:30]} Kd7 {[%emt 0:00:19]} 49. Nd4+ {[%emt 0:01:30]} Kxd6 {[%emt 0:00:10]} 50. Nxf5+ {[%emt 0:00:00]} gxf5 {[%emt 0:00:02]} 51. Kd4 {[%emt 0:00:00]} Nd2 {[%emt 0:00:43]} 52. Be2 {[%emt 0:00:30]} h4 {[%emt 0:00:38]} 53. Kc3 {[%emt 0:01:30]} Ne4+ {[%emt 0:00:21]} 54. Kd4 {[%emt 0:01:30]} Nd2 {[%emt 0:00:35]} 55. Ke3 {[%emt 0:00:30]} Ne4 {[%emt 0:00:27]} 56. Kf4 {[%emt 0:00:30]} Ke6 {[%emt 0:00:45]} 57. Bd3 {[%emt 0:00:30]} Nc3 {[%emt 0:00:20]} 58. Bc4+ {[%emt 0:00:30]} Kf6 {[%emt 0:00:10]} 59. Ke3 {[%emt 0:00:30]} Kg6 {[%emt 0:01:44]} 60. Kd4 {[%emt 0:00:30]} Ne4 {[%emt 0:00:13]} 61. Nd3 {[%emt 0:01:30]} f6 {[%emt 0:00:48]} 62. Ke3 {[%emt 0:01:30]} Kg5 {[%emt 0:00:34]} 63. h3 {[%emt 0:03:30]} Nc3 {[%emt 0:00:15]} 64. Nb4 {[%emt 0:00:30]} f4+ {[%emt 0:00:50]} 65. Kf3 {[%emt 0:01:30]} Kf5 {[%emt 0:00:38]} 66. Nc2 {[%emt 0:01:45]} a2 {[%emt 0:00:30]} 67. Bb3 {[%emt 0:00:15]} Kg5 {[%emt 0:00:20]} 68. Be6 {[%emt 0:00:23]} Kg6 {[%emt 0:00:00]} 69. Kxf4 {[%emt 0:06:31]} Ne2+ {[%emt 0:00:00]} 70. Ke3 {[%emt 0:00:30]} Nc3 {[%emt 0:00:00]} 71. Kd3 {[%emt 0:00:30]} Nd1 {[%emt 0:00:00]} 72. Kd2 {[%emt 0:00:30]} Nf2 {[%emt 0:00:03]} 73. Ke2 {[%emt 0:00:30]} Ne4 {[%emt 0:00:30]} 74. Ke3 {[%emt 0:00:30]} Ng5 {[%emt 0:00:30]} 75. Bd7 {[%emt 0:00:30]} f5 {[%emt 0:00:30]} 76. Kf4 {[%emt 0:00:30]} Nxh3+ {[%emt 0:00:30]} 77. Ke5 {[%emt 0:00:30]} Kg5 {[%emt 0:00:30]} 78. Bxf5 {[%emt 0:00:30]} Nf2 {[%emt 0:00:30]} 79. Be6 {[%emt 0:00:30]} h3 {[%emt 0:00:30]} 80. Bxa2 {[%emt 0:00:07]} h2 {[%emt 0:00:06]} 81. Bd5 {[%emt 0:00:04]} h1=Q {[%emt 0:00:22]} 1/2-1/2

[Event "18th Izmir Open 2019"]
[Site "Izmir"]
[Date "2019.09.05"]
[Round "6.7"]
[White "Celiker, Yakup"]
[Black "Demirbag, Alihan"]
[Result "0-1"]
[WhiteElo "1940"]
[BlackElo "2121"]
[Annotator "NA"]
[PlyCount "78"]
[EventDate "2019.09.02"]
[EventType "swiss"]
[EventCountry "TUR"]
[SourceTitle "playchess.com"]
[Source "ChessBase"]
[SourceQuality "1"]
[TimeControl "5400+30"]

1. d4 {[%emt 0:00:30]} Nf6 {[%emt 0:20:30]} 2. c4 {[%emt 0:00:00]} c5 {[%emt 0:04:30]} 3. d5 {[%emt 0:01:00]} e6 {[%emt 0:00:00]} 4. Nc3 {[%emt 0:00:30]} exd5 {[%emt 0:00:00]} 5. cxd5 {[%emt 0:00:30]} d6 {[%emt 0:00:30] Decoy} 6. e4 $14 {[%emt 0:00:30]} g6 {[%emt 0:00:00]} 7. f3 {[%emt 0:01:30]} Bg7 {[%emt 0:00:00]} 8. Nge2 {[%emt 0:00:30]} O-O {[%emt 0:06:30]} 9. Ng3 {[%emt 0:00:30]} a6 {[%emt 0:00:30]} 10. a4 {[%emt 0:00:30]} Nbd7 {[%emt 0:02:30]} 11. Be2 {[%emt 0:03:30]} Rb8 {[%emt 0:05:30]} 12. O-O {[%emt 0:04:30]} Ne8 {[%emt 0:03:30]} 13. Be3 {[%emt 0:04:30]} Nc7 {[%emt 0:00:30]} 14. Qd2 {[%emt 0:01:30]} b5 {[%emt 0:01:30]} 15. axb5 {[%emt 0:00:30]} axb5 {[%emt 0:00:30]} 16. Bg5 {[%emt 0:02:30]} f6 {[%emt 0:03:30]} 17. Bh6 {[%emt 0:00:30]} c4 {[%emt 0:09:30]} 18. Bxg7 {[%emt 0:08:30]} Kxg7 {[%emt 0:00:30]} 19. Ra7 {[%emt 0:02:30]} Ba6 {[%emt 0:05:30]} 20. Ra1 {[%emt 0:06:30]} Rb6 {[%emt 0:00:30]} 21. Na2 {[%emt 0:07:30]} Qb8 {[%emt 0:00:30]} 22. Rxc7 {[%emt 0:00:30]} Qxc7 {[%emt 0:00:30]} 23. Nb4 {[%emt 0:00:00]} Bb7 {[%emt 0:01:30]} 24. f4 {[%emt 0:01:00]} Nc5 {[%emt 0:05:30]} 25. Rf1 {[%emt 0:03:30]} Nb3 {[%emt 0:04:30]} 26. Qe1 {[%emt 0:02:30]} Ra8 {[%emt 0:01:30]} 27. e5 {[%emt 0:05:30]} dxe5 {[%emt 0:02:30]} 28. Ne4 {[%emt 0:01:30]} Rd8 {[%emt 0:02:39]} 29. Bf3 {[%emt 0:05:30]} Nd4 {[%emt 0:01:43]} 30. d6 {[%emt 0:04:30]} Rbxd6 {[%emt 0:00:52]} 31. fxe5 {[%emt 0:01:30]} Nxf3+ {[%emt 0:01:17]} 32. gxf3 {[%emt 0:00:00]} fxe5 {[%emt 0:00:14]} 33. Ng5 {[%emt 0:06:00]} Qc5+ {[%emt 0:01:36]} 34. Kg2 {[%emt 0:01:30]} h6 {[%emt 0:00:33]} 35. Nh3 {[%emt 0:00:30]} Rd2+ {[%emt 0:00:31]} 36. Rf2 {[%emt 0:00:30]} Qxb4 {[%emt 0:00:34]} 37. Qxe5+ {[%emt 0:00:30]} Kh7 {[%emt 0:00:10]} 38. Rxd2 {[%emt 0:01:30]} Qxd2+ {[%emt 0:00:20]} 39. Nf2 {[%emt 0:00:00]} Qg5+ {[%emt 0:00:10]} 0-1

[Event "18th Izmir Open 2019"]
[Site "Izmir"]
[Date "2019.09.05"]
[Round "6.8"]
[White "Okus, Melih"]
[Black "Unat, Can Haktan"]
[Result "0-1"]
[WhiteElo "1935"]
[BlackElo "2100"]
[Annotator "NA"]
[PlyCount "106"]
[EventDate "2019.09.02"]
[EventType "swiss"]
[EventCountry "TUR"]
[SourceTitle "playchess.com"]
[Source "ChessBase"]
[SourceQuality "1"]
[TimeControl "5400+30"]

1. c4 {[%emt 0:01:30]} e5 {[%emt 0:00:30]} 2. Nc3 {[%emt 0:00:00]} Nf6 {[%emt 0:00:00]} 3. g3 {[%emt 0:01:00]} c6 {[%emt 0:00:00]} 4. d4 {[%emt 0:02:30]} e4 {[%emt 0:00:00]} 5. Bg2 {[%emt 0:02:30]} d5 {[%emt 0:00:00]} 6. f3 {[%emt 0:06:30]} Bb4 {[%emt 0:02:30]} ({Of course not} 6... dxc4 7. fxe4 Bb4 8. e5 $16) 7. a3 {[%emt 0:05:30]} Bxc3+ {[%emt 0:00:30]} 8. bxc3 {[%emt 0:00:00]} O-O {[%emt 0:00:30]} 9. Bg5 {[%emt 0:03:00]} Bf5 $15 {[%emt 0:04:30]} ({Reject} 9... dxc4 $6 10. fxe4 h6 11. Bxf6 $14) 10. fxe4 {[%emt 0:07:30]} Bxe4 {[%emt 0:00:30]} 11. Nf3 {[%emt 0:02:30]} Nbd7 {[%emt 0:03:30]} 12. O-O {[%emt 0:04:30]} h6 {[%emt 0:00:30]} 13. Bxf6 {[%emt 0:00:30]} Nxf6 {[%emt 0:00:30]} 14. Qb3 {[%emt 0:02:30]} b6 {[%emt 0:01:30]} 15. Ne5 {[%emt 0:00:30]} Rc8 {[%emt 0:02:30]} 16. a4 {[%emt 0:02:30]} c5 {[%emt 0:14:30]} 17. cxd5 {[%emt 0:03:30]} Bxg2 {[%emt 0:00:30]} 18. Kxg2 {[%emt 0:00:30]} Qxd5+ {[%emt 0:00:00]} 19. Qxd5 {[%emt 0:00:30]} Nxd5 {[%emt 0:00:00]} 20. Rf3 {[%emt 0:00:30]} cxd4 {[%emt 0:00:30]} 21. cxd4 {[%emt 0:00:30]} Rc2 {[%emt 0:00:30]} 22. Kf1 {[%emt 0:00:30]} f6 {[%emt 0:00:30]} 23. Ng4 {[%emt 0:00:30]} Re8 {[%emt 0:00:30]} 24. Rf5 {[%emt 0:00:30]} Nc3 {[%emt 0:00:30]} 25. e3 {[%emt 0:17:30]} Re4 {[%emt 0:06:30]} 26. h3 {[%emt 0:02:30]} Re7 {[%emt 0:00:30]} 27. Rf2 {[%emt 0:02:30]} Rxf2+ {[%emt 0:00:30]} 28. Kxf2 {[%emt 0:00:00]} h5 {[%emt 0:00:30]} 29. Nh2 {[%emt 0:00:00]} Ne4+ {[%emt 0:00:30]} 30. Kg2 {[%emt 0:01:30]} Rc7 {[%emt 0:00:30]} 31. Ra2 {[%emt 0:02:30]} Rc3 {[%emt 0:00:30]} 32. Nf1 {[%emt 0:02:30]} Kf7 {[%emt 0:00:30]} 33. Kf3 {[%emt 0:01:30]} Ng5+ {[%emt 0:00:30]} 34. Ke2 {[%emt 0:00:30]} Ke6 {[%emt 0:00:00]} 35. a5 {[%emt 0:02:30]} b5 {[%emt 0:01:00]} 36. a6 {[%emt 0:03:30]} Ne4 {[%emt 0:01:30]} 37. g4 {[%emt 0:01:58]} hxg4 {[%emt 0:01:30]} 38. hxg4 {[%emt 0:00:02]} g6 {[%emt 0:11:30]} 39. Nd2 {[%emt 0:02:51]} Nd6 {[%emt 0:00:00]} 40. Rb2 {[%emt 0:00:45]} Kd5 {[%emt 0:01:00]} 41. Nb1 {[%emt 0:03:28]} Rxe3+ {[%emt 0:00:30]} 42. Kxe3 {[%emt 0:01:14]} Nc4+ {[%emt 0:00:30]} 43. Kd3 {[%emt 0:00:22]} Nxb2+ {[%emt 0:00:30]} 44. Kc3 {[%emt 0:00:01]} Nc4 {[%emt 0:01:30]} 45. Kb4 {[%emt 0:00:07]} Nd6 {[%emt 0:00:00]} 46. Nd2 {[%emt 0:03:07]} Kxd4 {[%emt 0:02:00]} 47. Nb3+ {[%emt 0:00:01]} Kd5 {[%emt 0:00:30]} 48. Nc5 {[%emt 0:00:01]} f5 {[%emt 0:00:30]} 49. gxf5 {[%emt 0:00:01]} gxf5 {[%emt 0:00:00]} 50. Nd7 {[%emt 0:00:10]} f4 {[%emt 0:00:00]} 51. Nf6+ {[%emt 0:00:02]} Kd4 {[%emt 0:00:30]} 52. Ng4 {[%emt 0:00:05]} f3 {[%emt 0:00:00]} 53. Nf2 {[%emt 0:00:11]} Ne4 {[%emt 0:00:00]} 0-1